000
00239nam a2200097Ia 4500
001
716998
005
20250826162955.0
008
250824s9999 xx 000 0 und d
245
0
_a
YAHYA KEMAL
_c
AHMET HALUK DURSUN
260
_b
DERGAH YAYINLARI
999
_c
716998
_d
716998